Socialističeskij rynok, ili korrektirovka obraza vraga v političeskoj ekonomii.
Zdôraznenie nevyhnutnosti odideologizovať také pojmy politickej ekonómie, ako je trh, nevytvárať mýtické pojmy, ako socialistický trh, socialistická privatizácia a pod. Zdôvodnenie správnosti pojmov zmiešaná ekonomika a sociálne orientovaný trh, ktorý predpokladá súkromné vlastníctvo. Ekonomika zdra...
Guardado en:
| Autor principal: | |
|---|---|
| Formato: | Capítulo de libro |
| Lenguaje: | ruso |
| Materias: | |
| Etiquetas: |
Sin Etiquetas, Sea el primero en etiquetar este registro!
|
MARC
| LEADER | 00000naa a2200000 4500 | ||
|---|---|---|---|
| 001 | r006887 | ||
| 005 | 20221130102949.2 | ||
| 041 | 0 | |a rus | |
| 044 | |a [SU] | ||
| 245 | 1 | 0 | |a Socialističeskij rynok, ili korrektirovka obraza vraga v političeskoj ekonomii. |c I. Soroka |
| 520 | |a Zdôraznenie nevyhnutnosti odideologizovať také pojmy politickej ekonómie, ako je trh, nevytvárať mýtické pojmy, ako socialistický trh, socialistická privatizácia a pod. Zdôvodnenie správnosti pojmov zmiešaná ekonomika a sociálne orientovaný trh, ktorý predpokladá súkromné vlastníctvo. Ekonomika zdravého rozumu musí rehabilitovať také pojmy, ako trh, podnikanie, súkromné vlastníctvo, privatizácia, kapitál a ďalšie, ktoré sú súčasťou ekonomických lexikonov civilizovaného sveta. | ||
| 610 | 2 | 0 | |a ekonómia politická |
| 610 | 2 | 0 | |a trh |
| 610 | 2 | 0 | |a vlastníctvo súkromné |
| 610 | 2 | 0 | |a podnikanie |
| 610 | 2 | 0 | |a privatizácia |
| 100 | 1 | |a Soroka, I. | |